|
|
|
|
| LEADER |
00786nnm a2200193 i 4500 |
| 001 |
eta2813 |
| 005 |
20200417152222.0 |
| 008 |
200417s2020 hu o 0|| eng d |
| 040 |
|
|
|a SZTE Elektronikus Tananyag Archívum
|b hun
|
| 041 |
|
|
|a eng
|
| 100 |
1 |
|
|a Barta Vera
|
| 245 |
1 |
0 |
|a Vera's Pepperland presentation
|h [elektronikus dokumentum] :
|b The Beatles and the year 1967 /
|c Barta Vera
|
| 260 |
|
|
|c 2020-04-14
|
| 516 |
|
|
|a Presentation
|
| 650 |
|
4 |
|a Bölcsészettudományok
|
| 650 |
|
4 |
|a Művészetek (művészetek, művészettörténet, előadóművészetek, zene)
|
| 650 |
|
4 |
|a Előadóművészet (zene, színháztudomány, dramaturgia)
|
| 650 |
|
4 |
|a Zene, zenetudomány, zenetörténet
|
| 856 |
4 |
0 |
|u https://eta.bibl.u-szeged.hu/2813/1/Pepperland%20%28wecompress.com%29.pptx
|z Dokumentum-elérés
|